Tiềm năng và thực trạng phát triển nông nghiệp tỉnh Hà Tĩnh

Cơ sở lí luận và thực tiễn phát triển nông nghiệp. Tiềm năng và thực trạng phát triển nông nghiệp tỉnh Hà Tĩnh. Định hướng và các giải pháp phát triển nông nghiệp tỉnh Hà Tĩnh đến năm 2020.

Αποθηκεύτηκε σε:
Λεπτομέρειες βιβλιογραφικής εγγραφής
Κύριος συγγραφέας: Trần Thị Tình
Άλλοι συγγραφείς: Hoàng Thị Diệu Huyền (Hướng dẫn)
Μορφή: Βιβλίο
Έκδοση: Đà Nẵng Đại học Sư phạm, Đại học Đà Nẵng 2012
Θέματα:
Ετικέτες: Προσθήκη ετικέτας
Δεν υπάρχουν, Καταχωρήστε ετικέτα πρώτοι!
Thư viện lưu trữ: Mạng thư viện Đại học Đà Nẵng
LEADER 01814nam a2200337 4500
001 000017122
003 13534
005 20130312140323.0
008 130312s2012 sd
082 |a 910.133059743  |b TR-T 
100 1 |a Trần Thị Tình 
245 |a Tiềm năng và thực trạng phát triển nông nghiệp tỉnh Hà Tĩnh  |c Trần Thị Tình ; Trương Văn Cảnh hướng dẫn  |k Khóa luận tốt nghiệp 
260 |a Đà Nẵng  |b Đại học Sư phạm, Đại học Đà Nẵng  |c 2012 
300 |a 97 tr., phụ lục 3 tr.  |b Bản đồ, hình ảnh mh.  |c 29 cm.  |e Đĩa CD 
500 |a Khóa luận tốt nghiệp đại học. Chuyên ngành: Sư phạm Địa Lý 
504 |a Mục lục đầu trang, tài liệu tham khảo tr. 73 - 74, phụ lục [13 tr.] 
520 |a Cơ sở lí luận và thực tiễn phát triển nông nghiệp. Tiềm năng và thực trạng phát triển nông nghiệp tỉnh Hà Tĩnh. Định hướng và các giải pháp phát triển nông nghiệp tỉnh Hà Tĩnh đến năm 2020. 
600 1 4 |b Vua  |c Đinh Tiên Hoàng 
650 0 4 |a Địa lý kinh tế nông nghiệp  |v Khóa luận tốt nghiệp  |x Nghiên cứu  |z Hà Tĩnh 
653 |a Kinh tế nông nghiệp  |a Khoa Địa Lý 
700 |a Hoàng Thị Diệu Huyền  |e Hướng dẫn 
OWN |a LSP 
AVA |a UDN50  |b LSP  |d 910.133059743 TR-T  |e available  |t Error 5001 Not defined in file expand_doc_bib_avail.  |f 1  |g 0  |h N  |i 0  |k 1 
999 |a From the UDN01 
AVA |a UDN50  |b LSP  |d 910.133059743 TR-T  |e available  |t Error 5001 Not defined in file expand_doc_bib_avail.  |f 1  |g 0  |h N  |i 0  |k 1 
TYP |a Monograph 
TYP |a Printed language 
980 |a Mạng thư viện Đại học Đà Nẵng